000 01141nam0a2200325 4500
001 RU\NLR\BIBL_A\022272850
005 20260607063529.0
010 _a978-5-227-10594-3
_91500
021 _aRU
_bКН-П-24-028478
_9КН-П-24-2903
035 _a(NLR Aleph) 022272850
090 _a13660216
_c13660216
100 _a20240705d2024 u y0rusy50 ca
101 0 _arus
102 _aRU
105 _ao z 000yy
181 0 _ai3
_baxxe
182 0 _an
200 1 _aИсцеляющая сила растений
_eчудо-травы от всех болезней
_fЛора Мелик
203 _aТекст
_bвизуальный
_cнепосредственный
210 _aМосква
_cЦентрполиграф
_d2024
215 _a478, [1] с.
_cил.
_d21
225 1 _aСоветы чудо мастера
333 _a16+
606 1 _aФитотерапия
_9939875
_3RU\NLR\AUTH\6628908
686 1 _aР352.5
700 1 _8rus
_7ca
_aМелик
_bЛ. Н.
_gЛариса Николаевна
_3RU\NLR\AUTH\7720494
_93562
942 _cBOOK
980 _aNB